000 00385nam a2200157Ia 4500
008 230711s9999||||xx |||||||||||||| ||und||
041 _aENG
082 _a620.11
_bBE-E
100 _aBethune,James D
245 0 _aEngineering graphics with autocad 2002
250 _a1st Ed.
260 _c2006
_aNew Delhi
_bPearson
300 _a729
650 _aMechanical Engineering
942 _cBK
999 _c4625
_d4625